[Event "Mecklenburg VP LL2 West 2223"]
[Site "Mecklenburg VP"]
[Date "2022.11.27"]
[Round "3.2"]
[White "Krueger, Horst"]
[Black "Pross, Benjamin"]
[Result "1/2-1/2"]
[WhiteElo "2018"]
[BlackElo "1967"]
[PlyCount "75"]
[EventDate "2022.10.23"]
[EventType "team-tourn"]
[EventRounds "9"]
[EventCountry "GER"]
[SourceTitle "EXT 2024"]
[Source "ChessBase"]
[SourceDate "2023.10.10"]
[SourceVersion "1"]
[SourceVersionDate "2023.10.10"]
[SourceQuality "1"]
[WhiteTeam "Ludwigslust"]
[BlackTeam "Kuehlungsborn SV Empor"]
[WhiteTeamCountry "GER"]
[BlackTeamCountry "GER"]

1. d4 d5 2. Nf3 c6 3. Bf4 Bf5 4. e3 Nf6 5. Bd3 Bg6 6. Bxg6 hxg6 7. 0-0 e6 8. Qd3 Nbd7 9. c4 Be7 10. Nc3 0-0 11. h3 Re8 12. c5 Bxc5 13. dxc5 e5 14. Nxe5 Nxe5 15. Qd4 Ned7 16. b4 Ne4 17. Nxe4 Rxe4 18. Qd2 g5 19. Bd6 a6 20. a4 Qf6 21. f4 gxf4 22. Bxf4 Rae8 23. Ra3 Qe6 24. Rf3 Rc4 25. Rg3 Nf6 26. Qb2 g6 27. Rf3 Ne4 28. Rb3 f6 29. Bd6 Kf7 30. b5 Nxd6 31. cxd6 Qxd6 32. bxa6 bxa6 33. Rb7+ Re7 34. a5 Rxb7 35. Qxb7+ Qe7 36. Qb6 Rc1+ 37. Kf2 Rc2+ 38. Kg1 1/2-1/2

[Event "Mecklenburg VP LL2 West 2122"]
[Site "Mecklenburg VP"]
[Date "2021.11.07"]
[Round "2.1"]
[White "Krueger, Horst"]
[Black "Markovych, Illya"]
[Result "1/2-1/2"]
[WhiteElo "2029"]
[BlackElo "2028"]
[PlyCount "88"]
[EventDate "2021.10.24"]
[EventType "team-tourn"]
[EventRounds "9"]
[EventCountry "GER"]
[SourceTitle "EXT 2024"]
[Source "ChessBase"]
[SourceDate "2023.10.10"]
[SourceVersion "1"]
[SourceVersionDate "2023.10.10"]
[SourceQuality "1"]
[WhiteTeam "Ludwigslust"]
[BlackTeam "Rostock Makkabi"]
[WhiteTeamCountry "GER"]
[BlackTeamCountry "GER"]

1. d4 Nf6 2. c4 c5 3. d5 b5 4. cxb5 a6 5. bxa6 g6 6. Nc3 Bg7 7. e4 d6 8. Nf3 0-0 9. Rb1 Qa5 10. Bd2 Bxa6 11. Bxa6 Nxa6 12. 0-0 Nd7 13. a3 c4 14. Na2 Qc7 15. Bc3 Nf6 16. e5 dxe5 17. Bxe5 Qc5 18. Nc3 Rfd8 19. Bd4 Qc7 20. Qe2 Bf8 21. Rbc1 Qb7 22. Qxc4 Rac8 23. Qe2 Nc7 24. b4 Ra8 25. Qb2 Ncxd5 26. Nxd5 Nxd5 27. h3 Nf4 28. Rfd1 e5 29. Bxe5 Nd3 30. Qb3 Nxc1 31. Rxc1 Rd7 32. Rc3 Qe4 33. Re3 Qc6 34. Nd4 Qc1+ 35. Kh2 Qd2 36. Rf3 Re8 37. Bf6 Re1 38. Qc2 Rxd4 39. Qxd2 Rxd2 40. Bc3 Ree2 41. Bxd2 Rxd2 42. g3 Rb2 43. Kg2 Bxb4 44. axb4 Rxb4 1/2-1/2

[Event "Mecklenburg VP LL2 West 2021"]
[Site "Mecklenburg VP"]
[Date "2020.10.18"]
[Round "1.2"]
[White "Krueger, Horst"]
[Black "Menkhaus, Wolf Dieter"]
[Result "1/2-1/2"]
[WhiteElo "2049"]
[BlackElo "1902"]
[PlyCount "66"]
[EventDate "2020.10.18"]
[EventType "team-tourn"]
[EventRounds "9"]
[EventCountry "GER"]
[SourceTitle "EXT 2024"]
[Source "ChessBase"]
[SourceDate "2023.10.10"]
[SourceVersion "1"]
[SourceVersionDate "2023.10.10"]
[SourceQuality "1"]
[WhiteTeam "Ludwigslust"]
[BlackTeam "Rostock SSC 07 II"]
[WhiteTeamCountry "GER"]
[BlackTeamCountry "GER"]

1. d4 Nf6 2. c4 c5 3. d5 e5 4. Nc3 d6 5. e4 Be7 6. Bd3 Nbd7 7. Nge2 Nf8 8. a3 Bd7 9. b4 b6 10. bxc5 bxc5 11. Rb1 Rb8 12. Bd2 Ng6 13. 0-0 0-0 14. a4 a6 15. Qc2 Qc7 16. h3 h5 17. Ng3 Rxb1 18. Rxb1 Rb8 19. Rxb8+ Qxb8 20. Nce2 Nf8 21. f4 g6 22. fxe5 dxe5 23. Bc3 h4 24. Nf1 Nh5 25. Qb2 Qxb2 26. Bxb2 Bd6 27. Bc2 f5 28. Nd2 Ng3 29. Kf2 Nxe4+ 30. Nxe4 fxe4 31. Ke3 Kf7 32. Nc3 Bf5 33. Bxe4 Nd7 1/2-1/2

[Event "MVP-ch Seniors op 19th"]
[Site "Ostseebad Binz"]
[Date "2019.12.05"]
[Round "9"]
[White "Krueger, Horst"]
[Black "Rubke, Manfred"]
[Result "0-1"]
[WhiteElo "2035"]
[BlackElo "2125"]
[PlyCount "80"]
[EventDate "2019.11.27"]
[EventType "swiss"]
[EventRounds "9"]
[EventCountry "GER"]
[SourceTitle "EXT 2021"]
[Source "ChessBase"]
[SourceDate "2020.10.23"]
[SourceVersion "1"]
[SourceVersionDate "2020.10.23"]
[SourceQuality "1"]

1. d4 Nf6 2. c4 d6 3. Nc3 Nbd7 4. e4 e5 5. d5 Be7 6. Bd3 Nc5 7. Bc2 a5 8. Nge2 0-0 9. 0-0 c6 10. f3 h5 11. Rb1 h4 12. a3 Nh5 13. b4 axb4 14. axb4 Nd7 15. Be3 Ndf6 16. Ra1 Bd7 17. Rxa8 Qxa8 18. Qa1 Nh7 19. c5 Qb8 20. Na4 cxd5 21. exd5 Bb5 22. Re1 N7f6 23. Nec3 Bd7 24. Nb6 Qc7 25. Qa5 Rd8 26. Nxd7 Qxd7 27. Ba4 Qf5 28. c6 bxc6 29. dxc6 h3 30. c7 Rf8 31. Bc6 Qc2 32. Bf2 Qxc3 33. Bb7 Nf4 34. Re3 Qc1+ 35. Re1 Qc2 36. b5 hxg2 37. c8Q Rxc8 38. Bxc8 Qxc8 39. Qa2 N6d5 40. Rb1 Nc3 0-1

[Event "MVP-ch Seniors op 19th"]
[Site "Ostseebad Binz"]
[Date "2019.12.01"]
[Round "5"]
[White "Krueger, Horst"]
[Black "Schroeder, Christian"]
[Result "1-0"]
[WhiteElo "2035"]
[BlackElo "1932"]
[PlyCount "55"]
[EventDate "2019.11.27"]
[EventType "swiss"]
[EventRounds "9"]
[EventCountry "GER"]
[SourceTitle "EXT 2021"]
[Source "ChessBase"]
[SourceDate "2020.10.23"]
[SourceVersion "1"]
[SourceVersionDate "2020.10.23"]
[SourceQuality "1"]

1. d4 d5 2. Nf3 Nf6 3. c4 c6 4. Nc3 dxc4 5. a4 Bf5 6. e3 e6 7. Bxc4 Bb4 8. 0-0 Nbd7 9. Re1 0-0 10. Bd2 Nb6 11. Bb3 a5 12. Bc2 Bxc2 13. Qxc2 Nc4 14. Rad1 Qb6 15. e4 Nxd2 16. Rxd2 Rfd8 17. Red1 Rac8 18. e5 Nd5 19. Ng5 g6 20. Qd3 Kg7 21. g3 c5 22. Qf3 Rd7 23. Nxd5 exd5 24. dxc5 Rxc5 25. Rxd5 Rdxd5 26. Rxd5 Qc6 27. Qf6+ Kg8 28. Qxc6 1-0

[Event "MVP-ch Seniors op 18th"]
[Site "Ostseebad Binz"]
[Date "2018.12.02"]
[Round "5"]
[White "Krueger, Horst"]
[Black "Hansch, Klaus Michael"]
[Result "1-0"]
[WhiteElo "2000"]
[BlackElo "1883"]
[PlyCount "115"]
[EventDate "2018.11.28"]
[EventType "swiss"]
[EventRounds "9"]
[EventCountry "GER"]
[SourceTitle "CBM 188 Extra"]
[Source "ChessBase"]
[SourceDate "2019.02.26"]
[SourceVersion "1"]
[SourceVersionDate "2019.02.26"]
[SourceQuality "1"]

1. d4 Nf6 2. c4 c5 3. d5 b5 4. cxb5 a6 5. e3 axb5 6. Bxb5 Qa5+ 7. Nc3 Ba6 8. Bxa6 Qxa6 9. Nf3 d6 10. Qe2 Qb7 11. e4 Nbd7 12. 0-0 g6 13. e5 dxe5 14. Nxe5 Nxe5 15. Qxe5 Rd8 16. Re1 Bg7 17. d6 Rd7 18. Qxc5 0-0 19. dxe7 Re8 20. Qb5 Rdxe7 21. Rxe7 Qxe7 22. Bg5 Qe6 23. Bxf6 Bxf6 24. Rd1 Kg7 25. a4 Bxc3 26. bxc3 Rc8 27. Qb4 Rc4 28. Qb3 Qc6 29. Qb5 Qxb5 30. axb5 Rxc3 31. Rb1 Rc7 32. b6 Rb7 33. f4 Kf6 34. Kf2 Ke6 35. Ke3 f5 36. Kd4 Kd6 37. g3 h6 38. h4 h5 39. Rb2 Rd7 40. b7 Kc7+ 41. Ke5 Kb8 42. Rb6 Re7+ 43. Re6 Rxb7 44. Rxg6 Rb5+ 45. Kf6 Kc7 46. Kg5 Kd7 47. Kxh5 Ke7 48. Kg5 Rb3 49. Kxf5 Kf7 50. h5 Rb5+ 51. Kg4 Rb1 52. Kg5 Rb5+ 53. f5 Rb8 54. h6 Rb3 55. g4 Rh3 56. Rg7+ Kf8 57. Rb7 Kg8 58. Kg6 1-0

[Event "MVP-ch Seniors op 18th"]
[Site "Ostseebad Binz"]
[Date "2018.11.28"]
[Round "1"]
[White "Krueger, Horst"]
[Black "Berger, Volkmar"]
[Result "1-0"]
[WhiteElo "2000"]
[BlackElo "1679"]
[PlyCount "53"]
[EventDate "2018.11.28"]
[EventType "swiss"]
[EventRounds "9"]
[EventCountry "GER"]
[SourceTitle "CBM 188 Extra"]
[Source "ChessBase"]
[SourceDate "2019.02.26"]
[SourceVersion "1"]
[SourceVersionDate "2019.02.26"]
[SourceQuality "1"]

1. d4 d6 2. c4 Nf6 3. Nc3 g6 4. e4 Bg7 5. f3 0-0 6. Be3 Nbd7 7. Qd2 c5 8. 0-0-0 cxd4 9. Bxd4 Ne8 10. h4 Ne5 11. h5 Be6 12. Nd5 Nc7 13. Kb1 a6 14. h6 Bh8 15. f4 Nc6 16. Bxh8 Kxh8 17. Qc3+ f6 18. Be2 b5 19. Nf3 b4 20. Nxb4 Nxb4 21. Qxb4 a5 22. Qc3 Qc8 23. e5 Ne8 24. exf6 Rxf6 25. Ng5 Kg8 26. Bf3 Ra7 27. Nxe6 1-0

[Event "Mecklenburg VP LL2 West 1718"]
[Site "Mecklenburg VP"]
[Date "2018.03.18"]
[Round "7.4"]
[White "Post, Ingo"]
[Black "Krueger, Horst"]
[Result "0-1"]
[WhiteElo "1779"]
[BlackElo "2024"]
[PlyCount "70"]
[EventDate "2017.10.08"]
[EventType "team-tourn"]
[EventRounds "9"]
[EventCountry "GER"]
[SourceTitle "EXT 2022"]
[Source "ChessBase"]
[SourceDate "2021.10.06"]
[SourceVersion "1"]
[SourceVersionDate "2021.10.06"]
[SourceQuality "1"]
[WhiteTeam "Neukloster VfL Blau Weiss"]
[BlackTeam "Ludwigslust VT 2000"]
[WhiteTeamCountry "GER"]
[BlackTeamCountry "GER"]

1. d4 d5 2. c4 c6 3. cxd5 cxd5 4. Nc3 Nf6 5. Nf3 Nc6 6. Bf4 a6 7. e3 Bf5 8. Bd3 Bxd3 9. Qxd3 e6 10. 0-0 Bd6 11. Bxd6 Qxd6 12. h3 0-0 13. a3 b5 14. b4 Nd7 15. Ng5 f5 16. f4 Nb6 17. Qe2 Nc4 18. Nf3 h6 19. Ne5 N6xe5 20. fxe5 Qe7 21. Rf3 Rac8 22. Nd1 a5 23. Nf2 axb4 24. axb4 Qxb4 25. Nd3 Qd2 26. Qxd2 Nxd2 27. Rf2 Nc4 28. Re2 Ra8 29. Rxa8 Rxa8 30. Kf2 Ra3 31. Nc5 b4 32. Nxe6 b3 33. Re1 Ra2+ 34. Kf3 b2 35. Nf4 Ra1 0-1

[Event "Mecklenburg VP LL 1617"]
[Site "Mecklenburg VP"]
[Date "2017.04.23"]
[Round "9.4"]
[White "Nour, Alaa"]
[Black "Krueger, Horst"]
[Result "0-1"]
[WhiteElo "2008"]
[BlackElo "1884"]
[PlyCount "68"]
[EventDate "2016.10.16"]
[EventType "team-tourn"]
[EventRounds "9"]
[EventCountry "GER"]
[SourceTitle "EXT 2022"]
[Source "ChessBase"]
[SourceDate "2021.10.06"]
[SourceVersion "1"]
[SourceVersionDate "2021.10.06"]
[SourceQuality "1"]
[WhiteTeam "Rostock SSC 07 II"]
[BlackTeam "Ludwigslust VT 2000"]
[WhiteTeamCountry "GER"]
[BlackTeamCountry "GER"]

1. e4 c5 2. c3 e6 3. d4 d5 4. exd5 exd5 5. Nf3 Nc6 6. Bg5 Be7 7. Be3 c4 8. b3 b5 9. a4 Na5 10. Nbd2 Bd7 11. Ne5 Nf6 12. Nxd7 Qxd7 13. b4 Nb7 14. Nb3 Ne4 15. Qc1 bxa4 16. Nc5 Nbxc5 17. dxc5 Bf6 18. Ra3 0-0 19. f3 Nxc3 20. Rxc3 d4 21. Qd2 Rfe8 22. Bxc4 Qe7 23. Ra3 dxe3 24. Qe2 Rad8 25. Rd3 Rxd3 26. Qxd3 e2 27. Qxe2 Qd7 28. 0-0 Rxe2 29. Bxe2 Qd4+ 30. Kh1 Qxb4 31. c6 Qc5 32. Rb1 g6 33. g3 Qxc6 34. Kg2 a3 0-1

[Event "MVP-ch Seniors op 16th"]
[Site "Binz"]
[Date "2016.11.25"]
[Round "3.8"]
[White "Krueger, Horst"]
[Black "Fleischer, Martin"]
[Result "1-0"]
[WhiteElo "2083"]
[BlackElo "1936"]
[PlyCount "71"]
[EventDate "2016.11.23"]
[EventType "swiss"]
[EventRounds "9"]
[EventCountry "GER"]
[SourceTitle "EXT 2018"]
[Source "ChessBase"]
[SourceDate "2017.10.13"]
[SourceVersion "1"]
[SourceVersionDate "2017.10.13"]
[SourceQuality "1"]

1. c4 c5 2. g3 e6 3. Bg2 Qc7 4. Nc3 a6 5. d3 d6 6. a3 Nc6 7. Rb1 Rb8 8. a4 Nf6 9. Nh3 h6 10. 0-0 Be7 11. f4 Bd7 12. Nf2 Nb4 13. b3 d5 14. Ba3 Bc6 15. e4 d4 16. Bxb4 cxb4 17. Ne2 Bc5 18. Qd2 0-0 19. Rbc1 a5 20. Bf3 Kh8 21. g4 Nh7 22. Nh3 Qe7 23. Ng3 g5 24. fxg5 hxg5 25. e5 Rg8 26. Bxc6 bxc6 27. Ne4 Rbf8 28. Rf3 Bb6 29. Qf2 c5 30. Nf6 Rg7 31. Nxg5 Nxg5 32. Qh4+ Nh7 33. Rh3 Rxg4+ 34. Qxg4 Qxf6 35. exf6 Rg8 36. Qxg8+ 1-0

[Event "MVP-ch Seniors op 16th"]
[Site "Binz"]
[Date "2016.11.24"]
[Round "2.14"]
[White "Bussler, Juergen"]
[Black "Krueger, Horst"]
[Result "0-1"]
[WhiteElo "1940"]
[BlackElo "2083"]
[PlyCount "94"]
[EventDate "2016.11.23"]
[EventType "swiss"]
[EventRounds "9"]
[EventCountry "GER"]
[SourceTitle "EXT 2018"]
[Source "ChessBase"]
[SourceDate "2017.10.13"]
[SourceVersion "1"]
[SourceVersionDate "2017.10.13"]
[SourceQuality "1"]

1. c4 Nf6 2. Nc3 c6 3. Nf3 d5 4. e3 e6 5. Qc2 Be7 6. Be2 Nbd7 7. d4 0-0 8. 0-0 b6 9. e4 dxe4 10. Nxe4 Bb7 11. Rd1 Qc7 12. Bg5 c5 13. Nxf6+ Nxf6 14. Bh4 Rfd8 15. Bg3 Bd6 16. dxc5 Bxg3 17. Rxd8+ Rxd8 18. hxg3 Qxc5 19. Rd1 Rd6 20. Rxd6 Qxd6 21. Qd2 Qxd2 22. Nxd2 Kf8 23. Bf3 Bxf3 24. gxf3 Ke7 25. Kf1 Kd6 26. Ke2 Kc5 27. Kd3 h5 28. a3 g5 29. b4+ Kd6 30. Ke3 e5 31. Ke2 Ke6 32. Ke3 h4 33. Nf1 h3 34. g4 Ne8 35. Ng3 Nd6 36. Kd3 h2 37. Nh1 f5 38. Ng3 f4 39. Nh1 Ne8 40. Ke2 Kd6 41. Kd3 Nf6 42. Ke2 Kc6 43. Kd3 a5 44. Kc3 Ne8 45. Kd3 Nd6 46. Kc3 a4 47. Kd3 b5 0-1

[Event "MVP-ch Seniors op 16th"]
[Site "Binz"]
[Date "2016.11.23"]
[Round "1.15"]
[White "Krueger, Horst"]
[Black "Liphardt, Bodo"]
[Result "1-0"]
[WhiteElo "2083"]
[BlackElo "1836"]
[PlyCount "75"]
[EventDate "2016.11.23"]
[EventType "swiss"]
[EventRounds "9"]
[EventCountry "GER"]
[SourceTitle "EXT 2018"]
[Source "ChessBase"]
[SourceDate "2017.10.13"]
[SourceVersion "1"]
[SourceVersionDate "2017.10.13"]
[SourceQuality "1"]

1. c4 Nc6 2. g3 e5 3. Bg2 f5 4. Nc3 Nf6 5. d3 Bc5 6. e3 0-0 7. a3 d6 8. b4 Bb6 9. Nge2 Bd7 10. Qb3 Kh8 11. a4 a6 12. a5 Ba7 13. b5 axb5 14. cxb5 Ne7 15. Bxb7 Rb8 16. Bg2 Qe8 17. Rb1 Nc6 18. Qa2 Ne7 19. Qc4 Qc8 20. 0-0 Be6 21. Qa4 f4 22. exf4 Bh3 23. fxe5 Bxg2 24. Kxg2 Qb7+ 25. f3 dxe5 26. b6 cxb6 27. a6 Qa8 28. Nb5 Ned5 29. Bd2 Rbc8 30. Nec3 Rc5 31. Ne4 Nxe4 32. dxe4 Nc7 33. Be3 Rxb5 34. Rxb5 Nxb5 35. Qxb5 Qe8 36. Qxe8 Rxe8 37. Rc1 Ra8 38. Rc7 1-0

[Event "Mecklenburg VP LL 1617"]
[Site "Mecklenburg VP"]
[Date "2016.11.20"]
[Round "3.4"]
[White "Krueger, Horst"]
[Black "Schulz, Bernd"]
[Result "1/2-1/2"]
[WhiteElo "1884"]
[BlackElo "1875"]
[PlyCount "43"]
[EventDate "2016.10.16"]
[EventType "team-tourn"]
[EventRounds "9"]
[EventCountry "GER"]
[SourceTitle "EXT 2022"]
[Source "ChessBase"]
[SourceDate "2021.10.06"]
[SourceVersion "1"]
[SourceVersionDate "2021.10.06"]
[SourceQuality "1"]
[WhiteTeam "Ludwigslust VT 2000"]
[BlackTeam "Wismar ASV Gruen-Weiss"]
[WhiteTeamCountry "GER"]
[BlackTeamCountry "GER"]

1. c4 e6 2. g3 d5 3. Bg2 Nf6 4. d4 c5 5. Nf3 Nc6 6. cxd5 Nxd5 7. 0-0 Be7 8. Nc3 Nxc3 9. bxc3 0-0 10. Rb1 Bf6 11. Ba3 Be7 12. Bxc5 Bxc5 13. dxc5 Qa5 14. Nd4 Qxc5 15. Nxc6 bxc6 16. Qd4 Qxd4 17. cxd4 Ba6 18. Bxc6 Bxe2 19. Rfe1 Rac8 20. Be4 Bc4 21. Rb7 a6 22. Rb2 1/2-1/2

[Event "Mecklenburg VP LL 1617"]
[Site "Mecklenburg VP"]
[Date "2016.10.16"]
[Round "1.4"]
[White "Krueger, Horst"]
[Black "Nauschuetz, Ernst"]
[Result "1-0"]
[WhiteElo "1884"]
[BlackElo "1838"]
[PlyCount "55"]
[EventDate "2016.10.16"]
[EventType "team-tourn"]
[EventRounds "9"]
[EventCountry "GER"]
[SourceTitle "EXT 2022"]
[Source "ChessBase"]
[SourceDate "2021.10.06"]
[SourceVersion "1"]
[SourceVersionDate "2021.10.06"]
[SourceQuality "1"]
[WhiteTeam "Ludwigslust VT 2000"]
[BlackTeam "Greifswald II"]
[WhiteTeamCountry "GER"]
[BlackTeamCountry "GER"]

1. d4 Nf6 2. Nf3 e6 3. c4 Bb4+ 4. Bd2 Qe7 5. e3 b6 6. a3 Bxd2+ 7. Nbxd2 Bb7 8. Bd3 c5 9. Qc2 Nc6 10. 0-0 0-0 11. Rac1 d6 12. Qc3 Rfc8 13. b4 d5 14. dxc5 dxc4 15. Qxc4 bxc5 16. Qxc5 Qd7 17. Bb5 a6 18. Bxc6 Rxc6 19. Qd4 Qc7 20. Rxc6 Qxc6 21. Nb3 Qa4 22. Qb2 Bxf3 23. gxf3 Qc6 24. Nd4 Qd5 25. Qc3 Rd8 26. Qc7 g6 27. Nc6 Qd6 28. Qxd8+ 1-0

[Event "GER-chT Seniors 25th"]
[Site "Magdeburg"]
[Date "2016.10.09"]
[Round "1.1"]
[White "Salov, Sergej"]
[Black "Krueger, Horst"]
[Result "1/2-1/2"]
[WhiteElo "2234"]
[BlackElo "2096"]
[PlyCount "56"]
[EventDate "2016.10.09"]
[EventType "team-swiss"]
[EventRounds "7"]
[EventCountry "GER"]
[SourceTitle "EXT 2019"]
[Source "ChessBase"]
[SourceDate "2018.10.10"]
[SourceVersion "1"]
[SourceVersionDate "2018.10.10"]
[SourceQuality "1"]
[WhiteTeam "Schleswig Holstein"]
[BlackTeam "Mecklenburg Vorpommern II"]
[WhiteTeamCountry "GER"]
[BlackTeamCountry "GER"]

1. e4 c5 2. Nf3 d6 3. c3 e6 4. Bd3 Be7 5. Bc2 Nc6 6. d3 Nf6 7. Nbd2 a6 8. 0-0 0-0 9. Re1 Qc7 10. d4 cxd4 11. cxd4 e5 12. d5 Nb4 13. Bb1 a5 14. a3 Na6 15. b3 Bd7 16. Bb2 b5 17. Bd3 Nc5 18. Rc1 Qb6 19. Bb1 Rac8 20. h3 Rfe8 21. Bc3 Bf8 22. b4 axb4 23. Bxb4 g6 24. Nb3 Nxb3 25. Qxb3 Nh5 26. Bd2 Rxc1 27. Rxc1 Nf4 28. Bxf4 exf4 1/2-1/2

[Event "Mecklenburg VP LL2 West 1516"]
[Site "Mecklenburg VP"]
[Date "2016.04.24"]
[Round "9.1"]
[White "Krueger, Horst"]
[Black "Moeller, Peter"]
[Result "1/2-1/2"]
[WhiteElo "2096"]
[BlackElo "2064"]
[PlyCount "91"]
[EventDate "2015.09.20"]
[EventType "team-tourn"]
[EventRounds "9"]
[EventCountry "GER"]
[SourceTitle "EXT 2022"]
[Source "ChessBase"]
[SourceDate "2021.10.06"]
[SourceVersion "1"]
[SourceVersionDate "2021.10.06"]
[SourceQuality "1"]
[WhiteTeam "Ludwigslust VT 2000"]
[BlackTeam "Rostock HSG Uni"]
[WhiteTeamCountry "GER"]
[BlackTeamCountry "GER"]

1. d4 d6 2. c4 e5 3. d5 f5 4. Nc3 Nf6 5. Bg5 Be7 6. Bxf6 Bxf6 7. e4 0-0 8. Qc2 Bg5 9. Bd3 Na6 10. Nf3 Nb4 11. Qe2 Nxd3+ 12. Qxd3 Bh6 13. Ke2 Rf7 14. h3 Qe7 15. Rhe1 Bd7 16. Ng1 Raf8 17. f3 a6 18. a4 fxe4 19. Nxe4 Bf5 20. Kf1 Qh4 21. Ra3 Bxe4 22. Rxe4 Rf4 23. Rxf4 Rxf4 24. Ne2 Rxc4 25. Qf5 Qg5 26. Qc8+ Kf7 27. Rc3 Rxc3 28. bxc3 Qe7 29. Qxb7 Be3 30. Qc8 Bb6 31. Qf5+ Kg8 32. g3 Qe8 33. Qc2 Qh5 34. Kg2 Qg5 35. Qd3 a5 36. h4 Qf6 37. Qb5 h6 38. Qe8+ Kh7 39. h5 g6 40. hxg6+ Qxg6 41. Qd7+ Kg8 42. Qd8+ Kf7 43. Qd7+ Kf8 44. Qd8+ Kg7 45. Qe7+ Kg8 46. Qd8+ 1/2-1/2

[Event "MVP-ch Seniors op 15th"]
[Site "Binz"]
[Date "2015.11.29"]
[Round "6.21"]
[White "Pawlick, Helmut"]
[Black "Krueger, Horst"]
[Result "0-1"]
[WhiteElo "1798"]
[BlackElo "1944"]
[PlyCount "112"]
[EventDate "2015.11.24"]
[EventType "swiss"]
[EventRounds "9"]
[EventCountry "GER"]
[SourceTitle "EXT 2017"]
[Source "ChessBase"]
[SourceDate "2016.10.25"]
[SourceVersion "1"]
[SourceVersionDate "2016.10.25"]
[SourceQuality "1"]

1. e4 c5 2. d4 cxd4 3. c3 dxc3 4. Nxc3 Nc6 5. Bc4 a6 6. Nf3 d6 7. e5 e6 8. Bg5 Qc7 9. exd6 Bxd6 10. 0-0 h6 11. Bh4 Nge7 12. Ne4 Nf5 13. Bg3 Bxg3 14. fxg3 Ne3 15. Qd3 Nxf1 16. Rxf1 0-0 17. Neg5 f5 18. Nxe6 Bxe6 19. Bxe6+ Kh8 20. Nh4 Ne5 21. Qd4 Rad8 22. Qxe5 Qxe5 23. Ng6+ Kh7 24. Nxe5 g6 25. Rc1 Kg7 26. Nf3 Rfe8 27. Bb3 Re7 28. Kf2 Kf6 29. Rd1 Rxd1 30. Bxd1 Rd7 31. Be2 g5 32. Ke3 h5 33. Ne1 Re7+ 34. Kd2 g4 35. Nd3 Rd7 36. Kc3 Re7 37. Nf4 Re3+ 38. Bd3 Kg5 39. Kc4 h4 40. Ne2 hxg3 41. hxg3 b5+ 42. Kd4 Re8 43. a4 bxa4 44. Kc3 Rc8+ 45. Bc4 a5 46. Nf4 Re8 47. Nd5 Re1 48. Bd3 Rg1 49. Ne3 f4 50. gxf4+ Kxf4 51. Nd5+ Ke5 52. Ne3 Kf4 53. Kd2 Ra1 54. Nf1 a3 55. b3 a2 56. g3+ Kf3 0-1